| 000 | 00389 a2200133 4500 | ||
|---|---|---|---|
| 001 | 91647 | ||
| 082 | _aPR 1614 | ||
| 090 |
_c43805 _d43804 |
||
| 100 | _aUsman Farooq, M; Prof Sherzada Khan and Faraz Ahmed, Advisors | ||
| 245 |
_aSelection and Interface of Sensors Unmanned Aerial Vehicle _n52 "B" EC |
||
| 260 |
_aRawalpindi _bNUST _c2000 |
||
| 300 | _a45p | ||
| 500 | _aBE Project Reports | ||
| 942 |
_aCAE NUST _kPR 1614 |
||
| 999 |
_c326720 _d326720 |
||